Functional coatings for tool steels

Saved in:
Bibliographic Details
Main Author: Bílek, Pavel, 1986- (Author)
Other Authors: Jurči, Peter (Thesis advisor)
Format: Thesis Book
Language:Slovak
English
Published: 2015
Subjects:
Online Access:http://is.stuba.sk/zp/portal_zp.pl?podrobnosti=101499
Tags: Add Tag
No Tags, Be the first to tag this record!

MARC

LEADER 00000ntm a22000003a 4500
001 stuzp35715
003 SK-STU
005 20160719153000.3
007 ta
008 150427s2015----xo-----f-mn---000-0-slo-d
040 |a STU  |b slo 
041 0 |a eng 
100 1 |a Bílek, Pavel,  |d 1986-  |u M1000  |4 aut  |r Z3  |9 100  |U MTF Materiálovotechnologická fakulta  |T MTF Ústav materiálov  |X 60942  |U M1000  |Y 81  |7 A000060942 
242 0 1 |a Funkčné povlaky pre nástrojové ocele  |y slo 
245 1 0 |a Functional coatings for tool steels 
260 |c 2015 
300 |a 137 s.+príl.,  |e 1 CD-ROM, autoreferát 
500 |a Study programme: Materials Engineering 
500 |a Study field number: 3948 
500 |a Study field: 5.2.26 Materials 
502 |a Dizertačná práca (PhD.) - STU MTF v Trnave UMAT, 2015 
650 4 |a nitrid chrómu  |2 slo 
650 4 |a striebro  |2 slo 
650 4 |a tuhý lubrikant  |2 slo 
650 4 |a trenie  |2 slo 
650 4 |a magnetronové naprašovanie  |2 slo 
650 4 |a magnetron sputtering  |2 eng 
650 4 |a solid lubricant  |2 eng 
650 4 |a friction  |2 eng 
650 4 |a chromium nitride  |2 eng 
650 4 |a silver  |2 eng 
700 1 |a Jurči, Peter  |4 ths  |X 46044  |7 A000046044 
856 4 |u http://is.stuba.sk/zp/portal_zp.pl?podrobnosti=101499 
996 |b .  |c M* DzP-471  |l MMSKP  |s P  |a 0  |w stuzp35715_0001 
SQL |a stuzp35715  |b DDZ  |c ENG  |d Functional coatings for tool steels  |e 60942  |f Bílek, Pavel  |g 061000  |h 46044  |i Jurči, Peter  |j 20150826  |k 671  |l 06  |m http://is.stuba.sk/zp/portal_zp.pl?podrobnosti=101499  |n D-MI  |o 5.2.26. materiály